000 00432nam a2200133Ia 4500
008 220204s9999 xx 000 0 und d
082 _a678.074
_bJUM
100 _aJumpasut, Prachaya
245 4 _aThe elastomer industry - Its current state and outlook : Asia International Rubber Conference Bangkok, 2-3 December 1996
260 _aU K
_bIRSG
_c1996
490 _aIRSG Staff Paper 1996B
650 _aNR globalization
942 _cBK
999 _c41314
_d41314